000 00762cam a22002413a 4500
001 13434
003 PGUSA
005 20140828083305.0
008 040911s2004||||xxu|||||s|||||000 | eng d
040 _aPGUSA
_beng
042 _adc
050 4 _aHV
100 1 _aHaggard, H. Rider
_q(Henry Rider),
_d1856-1925
245 1 0 _aRegeneration :
_bBeing an Account of the Social Work of The Salvation Army in Great Britain
_h[electronic resource] /
_cH. Rider Haggard
260 _bProject Gutenberg,
_c2004
506 _aPublic domain in the USA.
516 _aElectronic text
653 _aSalvation Army
653 _aGreat Britain -- Social conditions
830 0 _aProject Gutenberg
_v13434
856 4 0 _uhttp://www.gutenberg.org/ebooks/13434
942 _cEB
999 _c242689
_d242689